Les pays de l'Océan Atlantique - Statistiques

Statistiques générales
  • Ce quiz a été pris 189 fois
  • Le résultat moyen est 63 sur 70
Statistiques - réponses
Réponse % Correct
France
99%
Portugal
98%
Brésil
97%
Maroc
97%
Cuba
96%
Europe et via la Mer du Nord et la Mer Baltique Espagne
96%
Etats-Unis
96%
Pays-Bas
96%
Royaume Uni
96%
Belgique
95%
Danemark
95%
Irlande
95%
Islande
95%
Afrique Afrique du sud
94%
Canada
94%
Côte d'Ivoire
94%
Panama
94%
Sénégal
94%
Suède
94%
Amérique et Via la Mer des Caraïbes Argentine
93%
Finlande
93%
Norvège
93%
Guyana
92%
Mexique
92%
Venezuela
92%
Angola
91%
Cap-Vert
91%
Russie
91%
Belize
90%
Cameroun
90%
Guinée
90%
Mauritanie
90%
Namibie
90%
République Dominicaine
90%
Uruguay
90%
Allemagne
89%
Bénin
89%
Costa Rica
89%
Haiti
89%
Jamaique
89%
Nicaragua
89%
Suriname
89%
Pologne
88%
Colombie
87%
Gambie
87%
Guinée Bissau
87%
Lettonie
87%
Lituanie
87%
République Démocratique Du Congo
87%
Estonie
86%
Ghana
86%
Guatemala
86%
Honduras
86%
République du Congo
86%
Sierra Leone
86%
Bahamas
85%
Gabon
85%
Libéria
85%
Togo
85%
Dominique
84%
Guinée Equatoriale
84%
Antigua-et-Barbuda
83%
Barbade
83%
Sao-Tomé-et-Principe
83%
Grenade
82%
Nigéria
82%
Sainte-Lucie
80%
Saint Vincent-Et-Les Grenadines
80%
Saint Christophe-Et-Niévès
76%
Trinité-Et-Tobago
73%
Aucun quiz correspondant
Distribution des résultats
% des personnes avec chaque résultat
Percentile par nombre de réponses
Votre historique - résultats
Vous n’avez pas pris ce quiz